000 00566nam a2200205 a 4500
001 23664
003 CO-ViMGA
008 141112s2004 ck r 000 u spa d
020 _a9583008311
040 _aCO-ViMGA
_bspa
_cCO-ViMGA
082 0 4 _aSANg
100 1 _aSanchez Juliao, David, 1945 -
_934203
245 1 0 _aGeografia animal y atras rimas /
_cDavid Sanchez Juliao
260 _aColombia :
_bpanAméricana
300 _a48p.
490 _aQue pase el tren
650 1 4 _a2 : ANIMALES - POESIA
_934204
650 1 4 _aPOESIA COLOMBIANA
_91069
942 _2ddc
_cBK
999 _c6736
_d6736